000 00602nam a22002175i 4500
001 175983
003 ES-MaACL
005 20230906215946.0
008 101003s2010 sp |||| | spa d
020 _a978-84-92560-47-9
080 _a821.134.2-14"19"
100 1 _aNavarro Beloqui.
_9144181
245 1 0 _aNafsak /
_cNavarro Beloqui.
250 _a1ยช ed.
260 _aColmenar Viejo (Madrid) :
_bAmargord,
_c2010.
300 _a48 p. ;
_c19 cm.
490 1 _aHelado de Mamey ;
_v43
830 0 _aHelado de Mamey ;
_v43
_9189883
852 _aES-MaACL
_j2272-F-3
999 _c175983
_d175983